Click the Mediterranean Island on a Map - Statistics

General Stats
  • This quiz has been taken 82 times
  • The average score is 20 of 40
Answers on the Map
Answers color-coded by a green-red scale on the quiz's map according to % correct below.
 
Answer Stats
Answer % Correct
Sardinia
96%
Corsica
93%
Cyprus
91%
Mallorca
90%
Malta
90%
Sicily
90%
Crete
89%
Ibiza
86%
Menorca
77%
Rhodes
77%
Elba
70%
Euboea
70%
Corfu
59%
Djerba
56%
Krk
54%
Lesbos
54%
Naxos
51%
Brač
49%
Kefalonia
47%
Hvar
46%
Chios
44%
Zakynthos
43%
Samos
40%
Korčula
37%
Paros
37%
Imbros/Gökçeada
34%
Thasos
34%
Kythira
31%
Karpathos
30%
Lemnos
29%
Andros
27%
Pag
27%
Skyros
27%
Cres
26%
Lefkada
26%
Kos
21%
Tinos
21%
Icaria
20%
Milos
20%
Samothrace
19%
No matching quizzes found
Score Distribution
Percent of People with Each Score
Percentile by Number Answered
Your Score History
You have not taken this quiz